Quantitative Research in Linguistics : An Introduction Second Edition (Record no. 1466212)

MARC details
000 -LEADER
fixed length control field 00648nam a22002177a 4500
003 - CONTROL NUMBER IDENTIFIER
control field OSt
005 - DATE AND TIME OF LATEST TRANSACTION
control field 20260119111107.0
008 - FIXED-LENGTH DATA ELEMENTS--GENERAL INFORMATION
fixed length control field 251211b |||||||| |||| 00| 0 eng d
020 ## - INTERNATIONAL STANDARD BOOK NUMBER
International Standard Book Number 9781441180100
040 ## - CATALOGING SOURCE
Transcribing agency LNDL
041 ## - LANGUAGE CODE
Language code of text/sound track or separate title eng
100 ## - MAIN ENTRY--PERSONAL NAME
Personal name Rasinger,Sebastian M
9 (RLIN) 855918
245 ## - TITLE STATEMENT
Title Quantitative Research in Linguistics : An Introduction Second Edition
Statement of responsibility, etc. Sebastian M. Rasinger
250 ## - EDITION STATEMENT
Edition statement 2nd . ed,
260 ## - PUBLICATION, DISTRIBUTION, ETC.
Place of publication, distribution, etc. London :
Name of publisher, distributor, etc. Bloomsbury Publisher,
Date of publication, distribution, etc. 2013.
300 ## - PHYSICAL DESCRIPTION
Extent 286p.
650 ## - SUBJECT ADDED ENTRY--TOPICAL TERM
Topical term or geographic name entry element Linguistics Research-Methodology
9 (RLIN) 855919
650 ## - SUBJECT ADDED ENTRY--TOPICAL TERM
Topical term or geographic name entry element Linguistics-Statistical
9 (RLIN) 855920
942 ## - ADDED ENTRY ELEMENTS (KOHA)
Source of classification or shelving scheme Colon Classification (CC)
Koha item type General Books
Suppress in OPAC No
Holdings
Withdrawn status Lost status Source of classification or shelving scheme Damaged status Not for loan Home library Current library Date acquired Total Checkouts Barcode Date last seen Price effective from Koha item type
    Colon Classification (CC)     Department of Linguistics Library Department of Linguistics Library 2026-01-19   LD1969731 2026-01-19 2026-01-19 General Books
Copyright @ Delhi University Library System